000 00882nam a22002175i 4500
001 157989
003 ES-MaACL
005 20230906210933.0
008 960320s1876 sp |||| | spa d
040 _aCLM
_bspa
_cCCPB | SIC
100 1 _aLopez Camuñas, José.
_9129054
245 1 0 _aPerla vinícola
_b: fabricación, composición y mejoramiento de vinos, vinagres, cervezas y helados : revelaciones de un inteligente jerezano y de un cervecero de Paris /
_cpor José Lopez y Camuñas.
250 _a2ª ed. corr. y aum. ...
260 _aMadrid :
_bLibrería de Cuesta,
_c1876.
300 _a224 p., [3] h. de lám. ;
_c18 cm.
490 1 _aColección de manuales de ciencias y artes
752 _aEspaña -
_dMadrid
830 0 _aColección de manuales de ciencias y artes
_9221825
852 _aES-MaACL
_jD-992
_z-- Enc. rúst. deteriorada
999 _c157989
_d157989